<?xml version="1.0" encoding="UTF-8"?><?xml-stylesheet type="text/xsl" href="static/style.xsl"?><OAI-PMH xmlns="http://www.openarchives.org/OAI/2.0/" xmlns:xsi="http://www.w3.org/2001/XMLSchema-instance" xsi:schemaLocation="http://www.openarchives.org/OAI/2.0/ http://www.openarchives.org/OAI/2.0/OAI-PMH.xsd"><responseDate>2026-04-13T01:55:04Z</responseDate><request verb="GetRecord" identifier="oai:www.recercat.cat:10256/19579" metadataPrefix="marc">https://recercat.cat/oai/request</request><GetRecord><record><header><identifier>oai:recercat.cat:10256/19579</identifier><datestamp>2024-06-14T09:45:02Z</datestamp><setSpec>com_2072_452955</setSpec><setSpec>com_2072_2054</setSpec><setSpec>col_2072_453064</setSpec></header><metadata><record xmlns="http://www.loc.gov/MARC21/slim" xmlns:dcterms="http://purl.org/dc/terms/" xmlns:xsi="http://www.w3.org/2001/XMLSchema-instance" xmlns:doc="http://www.lyncode.com/xoai" xsi:schemaLocation="http://www.loc.gov/MARC21/slim http://www.loc.gov/standards/marcxml/schema/MARC21slim.xsd">
   <leader>00925njm 22002777a 4500</leader>
   <datafield ind2=" " ind1=" " tag="042">
      <subfield code="a">dc</subfield>
   </datafield>
   <datafield ind2=" " ind1=" " tag="720">
      <subfield code="a">Perera Roura, Anna</subfield>
      <subfield code="e">author</subfield>
   </datafield>
   <datafield ind2=" " ind1=" " tag="260">
      <subfield code="c">2019</subfield>
   </datafield>
   <datafield ind2=" " ind1=" " tag="520">
      <subfield code="a">The article analyses the treatment and the evolution of the symbol of rose in the poetry of Josep i Fabre. The rose is fundamental element in the symbolism of Western culture and has an extensive literary tradition. However, in the poetry of Palau i Fabre, the rose is a symbol that takes on different meanings, which are transformed over time. Therefore, based on the analysis of the evolution of the rose in his poetic work, we can confirm that this element also represents the aesthetic evolution of Palau i Fabre: a poetic revolt within the Catalan literary tradition</subfield>
   </datafield>
   <datafield ind2=" " ind1=" " tag="520">
      <subfield code="a">De la traducció del resum de l'article: "S'analitza el tractament i l'evolució del símbol de la rosa en la poesia de Josep Palau i Fabre. En el marc de la simbologia occidental, la rosa és un element fonamental que posseeix una àmplia tradició literària. Malgrat això, en la poesia de Palau i Fabre, la rosa esdevé un símbol que adquireix significacions ben diferents i que es transformen amb el pas del temps. D'aquesta manera, per mitjà de l'anàlisi de l'evolució d'aquest símbol en la seva poesia, es pot confirmar que aquest element representa l'evolució estètica de l'autor: una revolta poètica dins la tradició literària catalana"</subfield>
   </datafield>
   <datafield ind2=" " ind1=" " tag="520">
      <subfield code="a">Aquest article s’inscriu en el marc del projecte de recerca finançat "Literatura y corrientes territoriales&#xd;
(II): la construcción literaria del paisaje a través de Juegos Florales y certámenes literarios en llengua&#xd;
catalana (1859-1977)" (Ref. FFI2016-79078-P) que porta a terme el grup de recerca de Patrimoni Literari&#xd;
(Institut de Llengua i Cultura Catalanes) de la Universitat de Girona</subfield>
   </datafield>
   <datafield ind1="8" ind2=" " tag="024">
      <subfield code="a">http://hdl.handle.net/10256/19579</subfield>
   </datafield>
   <datafield tag="653" ind2=" " ind1=" ">
      <subfield code="a">Palau i Fabre, Josep, 1917-2008</subfield>
   </datafield>
   <datafield tag="653" ind2=" " ind1=" ">
      <subfield code="a">Escriptors catalans</subfield>
   </datafield>
   <datafield tag="653" ind2=" " ind1=" ">
      <subfield code="a">Authors, Catalan</subfield>
   </datafield>
   <datafield tag="653" ind2=" " ind1=" ">
      <subfield code="a">Poesia catalana -- S. XX</subfield>
   </datafield>
   <datafield tag="653" ind2=" " ind1=" ">
      <subfield code="a">Catalan poetry -- 20th century</subfield>
   </datafield>
   <datafield tag="653" ind2=" " ind1=" ">
      <subfield code="a">Simbolisme</subfield>
   </datafield>
   <datafield tag="653" ind2=" " ind1=" ">
      <subfield code="a">Symbolism</subfield>
   </datafield>
   <datafield ind2="0" ind1="0" tag="245">
      <subfield code="a">El símbol de la rosa en l'obra poètica de Josep Palau i Fabre: evolució i contrastos</subfield>
   </datafield>
</record></metadata></record></GetRecord></OAI-PMH>